| 000 | 01048cad a22001935a 4500 | ||
|---|---|---|---|
| 001 | L149771 | ||
| 008 | 100422e20100411xxk f s 000 0 eng d | ||
| 035 | _a(Sirsi) u149771 | ||
| 041 | 0 | _aeng | |
| 110 | 2 |
_aCouncil of Mortgage Lenders _95903 |
|
| 245 | 0 | 0 |
_aMarket commentary _h[electronic resource] |
| 490 |
_aCML Market Commentary _vFebruary 2010 |
||
| 520 | _aHousing and mortgage markets continued to improve in the second half of 2009 ending the year in a stronger position than at the beginning of 2009. Due to the rush to complete transactions by end of December 2009 due to the ending of the stamp duty holiday on properties worth between £125 000 and £175 000 activity fell dramatically in January. Low mortgage interest rates continue to help borrowers. | ||
| 590 | _aKA | ||
| 651 | 4 |
_aEngland and Wales _y1543- |
|
| 690 | _aPROPERTY-RESIDENTIAL PROPERTY-RESIDENTIAL PROPERTY MARKET | ||
| 856 | 4 | 0 |
_uhttps://live.cml.netxtra.net/cml/publications/marketcommentary/199 _zView the commentary free of charge at www.cml.org.uk |
| 942 | _n0 | ||
| 999 |
_c82277 _d82277 |
||